Лазер на парах бромида свинца с высокой частотой повторения импульсов; Оптика атмосферы и океана; Т. 16, № 4
| Parent link: | Оптика атмосферы и океана: научно-теоретический журнал.— , 1988- Т. 16, № 4.— 2003.— С. 385-389 |
|---|---|
| Andere auteurs: | , , , , , |
| Samenvatting: | Проведено экспериментальное и теоретическое исследование лазера на парах бромида свинца при частотах повторения импульсов возбуждения до 80 кГц. Получено, что средняя мощность генерации в трубке с внутренним диаметром 1,2 см и длиной рабочей зоны 42 см имеет оптимум по частоте следования импульсов возбуждения в диапазоне 55-65 кГц. Результаты модельных расчетов свидетельствуют о перераспределении при частоте повторения импульсов свыше 50 кГц мощности, отбираемой от выпрямителя, между коммутирующим элементом и газоразрядной трубкой в пользу коммутатора, что приводит к снижению как частотных, так и энергетических характеристик лазера. Экспериментально показана возможность реализации отпаянного варианта лазера на парах бромида свинца. В фонде НТБ ТПУ отсутствует |
| Taal: | Russisch |
| Gepubliceerd in: |
2003
|
| Onderwerpen: | |
| Formaat: | Hoofdstuk |
| KOHA link: | https://koha.lib.tpu.ru/cgi-bin/koha/opac-detail.pl?biblionumber=599934 |
MARC
| LEADER | 00000naa0a2200000 4500 | ||
|---|---|---|---|
| 001 | 599934 | ||
| 005 | 20250124145950.0 | ||
| 035 | |a (RuTPU)RU\TPU\tpu\24090 | ||
| 035 | |a RU\TPU\tpu\24088 | ||
| 090 | |a 599934 | ||
| 100 | |a 20131206d2003 k||y0rusy50 ca | ||
| 101 | 0 | |a rus | |
| 102 | |a RU | ||
| 200 | 1 | |a Лазер на парах бромида свинца с высокой частотой повторения импульсов |f Г. С. Евтушенко [и др.] | |
| 320 | |a Библиогр.: 20 назв. | ||
| 330 | |a Проведено экспериментальное и теоретическое исследование лазера на парах бромида свинца при частотах повторения импульсов возбуждения до 80 кГц. Получено, что средняя мощность генерации в трубке с внутренним диаметром 1,2 см и длиной рабочей зоны 42 см имеет оптимум по частоте следования импульсов возбуждения в диапазоне 55-65 кГц. Результаты модельных расчетов свидетельствуют о перераспределении при частоте повторения импульсов свыше 50 кГц мощности, отбираемой от выпрямителя, между коммутирующим элементом и газоразрядной трубкой в пользу коммутатора, что приводит к снижению как частотных, так и энергетических характеристик лазера. Экспериментально показана возможность реализации отпаянного варианта лазера на парах бромида свинца. | ||
| 333 | |a В фонде НТБ ТПУ отсутствует | ||
| 461 | |t Оптика атмосферы и океана |o научно-теоретический журнал |d 1988- | ||
| 463 | |t Т. 16, № 4 |v С. 385-389 |d 2003 | ||
| 610 | 1 | |a труды учёных ТПУ | |
| 701 | 1 | |a Евтушенко |b Г. С. |c российский специалист в области электрофизики |c профессор Томского политехнического университета, доктор технических наук |f 1947- |g Геннадий Сергеевич |3 (RuTPU)RU\TPU\pers\21960 |4 070 |9 9279 | |
| 701 | 1 | |a Жданеев |b О. В. |c специалист в области электроники |c ассистент Томского политехнического университета, кандидат физико-математических наук |f 1978- |g Олег Валерьевич |3 (RuTPU)RU\TPU\pers\26475 |4 070 | |
| 701 | 1 | |a Павлинский |b А. В. | |
| 701 | 1 | |a Суханов |b В. Б. |c специалист в области электроники |c инженер Томского политехнического университета |f 1945- |g Виктор Борисович |3 (RuTPU)RU\TPU\pers\31231 |4 070 | |
| 701 | 1 | |a Шестаков |b Д. Ю. | |
| 701 | 1 | |a Шиянов |b Д. В. |c специалист в области промышленной и медицинской электроники |c инженер Томского политехнического университета |f 1973- |g Дмитрий Валерьевич |3 (RuTPU)RU\TPU\pers\28811 |4 070 | |
| 801 | 1 | |a RU |b 63413507 |c 20131205 | |
| 801 | 2 | |a RU |b 63413507 |c 20131206 |g RCR | |
| 942 | |c CR | ||